Statistics for 2019 AFL Premiership Team

Click here to take the quiz!

General Stats

  • This quiz has been taken 299 times
  • The average score is 18 of 24

Answer Stats

HintAnswer% Correct
Premiership TeamRichmond
97%
RoverDustin Martin
96%
Full ForwardTom Lynch
90%
CoachDamien Hardwick
89%
Forward PocketJack Riewoldt
89%
Centre Half ForwardTrent Cotchin
89%
RuckToby Nankervis
86%
Back PocketDylan Grimes
85%
InterchangeMarlion Pickett
83%
Half Forward FlankDaniel Rioli
82%
Half Back FlankBachar Houli
79%
CentreDion Prestia
77%
Forward PocketJason Castagna
68%
Ruck RoverShane Edwards
65%
Back PocketDavid Astbury
64%
InterchangeShai Bolton
64%
Half Back FlankJayden Short
62%
InterchangeLiam Baker
62%
Full BackNathan Broad
62%
Centre Half BackNick Vlastuin
62%
WingBrandon Ellis
60%
WingJosh Caddy
59%
InterchangeIvan Soldo
56%
Half Forward FlankKane Lambert
54%

Score Distribution

Percentile by Number Answered

Percent of People with Each Score

Your Score History

You have not taken this quiz